| 000 | 01308nam a22002417a 4500 | ||
|---|---|---|---|
| 001 | 5640 | ||
| 003 | FISKH | ||
| 005 | 20250108115911.0 | ||
| 008 | 250108b cb ||||| |||| 00| 0 eng d | ||
| 020 | _a9781407124155 | ||
| 040 |
_aFISKH _beng _cFISKH _dFISKH |
||
| 082 | _a942.055092 | ||
| 100 | _aDonkin, Andrew | ||
| 245 |
_aSir Francis Drake and his daring deeds / _cby Andrew Donkin |
||
| 260 |
_aNew York : _bScholastic ; _c2006. |
||
| 300 |
_a176 pages : _billustrations ; _c21 cm . |
||
| 490 | _aHorribly Famous | ||
| 520 | _aSir Frances Drake (1540-96) was a fearless explorer, a dashing sea hero, and the first Englishman to voyage around the world. In his later years he was chosen as the mayor of Plymouth, represents Bossiney in Parliament and finds fame as one of the great naval warriors of the Tudor period. Called 'El Draque', the dragon, by the Spanish, his status as national hero comes from the leading role he played in stopping the Spanish King's Armada invading England. There's no doubt his life has all the ingredients for creating a classic Dead Famous, and Andrew Donkin (author of Dahl, Shakespeare) is one of the best authors to do him justice. | ||
| 650 |
_aexploration _vnon-fiction |
||
| 700 |
_aGoddard, Clive _eillustrator |
||
| 942 |
_2ddc _cBK _n0 |
||
| 999 |
_c5640 _d5640 |
||